000 00609cam a2200205 i 4500
001 348577
005 20250422164546.0
008 760203s1976 maua b 001 0 eng
020 _a0395185785
050 0 0 _aHA29
_b.N775 1976
082 0 0 _a519.5
100 1 _aNoether, Gottfried E.
_q(Gottfried Emanuel)
245 1 0 _aIntroduction to statistics :
_ba nonparametric approach /
_cGottfried E. Noether.
250 _a2nd ed.
260 _aBoston :
_bHoughton Mifflin,
_cc1976.
300 _axv, 292 p. :
_bill. ;
_c25 cm.
500 _aIncludes index.
650 0 _aStatistics.
942 _2lcc
_cBK
_e2nd Ed.
_n0
999 _c5504
_d5504